აჭარა ეკონომიკურ - გეოგრაფიული დახასიათება / (ბიბ.ჩანაწერი № 62998)
[ მარტივი ფორმატი ]
| 000 -ლიდერი | |
|---|---|
| ფიქსირებული სიგრძის საკონტროლო ველი | 00931nam a22002057a 4500 |
| 003 - საკონტროლო ნომრის იდენტიფიკატორი | |
| საკონტროლო ველი | Ge_BSU |
| 005 - ბოლო ოპერაციის თარიღი და დრო | |
| საკონტროლო ველი | 20250428123250.0 |
| 008 - ფიქსირებული სიგრძის მონაცემთა ელემენტები - ზოგადი ინფორმაცია | |
| ფიქსირებული სიგრძის საკონტროლო ველი | 250428s2001 ge ||||| |||| 00| 0 geo d |
| 020 ## - წიგნის საერთაშორისო სტანდარტული ნომერი | |
| International Standard Book Number | 9992848685 |
| 041 ## - ენის კოდი | |
| Language code of text/sound track or separate title | geo |
| 080 ## - უნივერსალური ათობითი კლასიფიკაციის ინდექსი | |
| Universal Decimal Classification number | 33(479.223)+911.3+316 ფ-98 |
| 100 ## - მთავარი ჩანაწერი - პიროვნების სახელი | |
| Personal name | ფუტკარაძე, მერაბ |
| 9 (RLIN) | 1496 |
| 245 ## - ცნობა სათაურის შესახებ | |
| Title | აჭარა ეკონომიკურ - გეოგრაფიული დახასიათება / |
| Statement of responsibility, etc | მერაბ ფუტკარაძე; რედ. შ. ფალავანდიშვილი. |
| 264 ## - წარმოების, გამოცემის, დისტრიბუციის და სხვა ცნობები | |
| გამოცემის, წარმოების, დისტრიბუციის... ადგილი | ბათუმი: |
| გამოცემის, წარმოების, დისტრიბუციის... სახელწოდება | ბათუმის უნივერსიტეტი, |
| გამოცემის, წარმოების, დისტრიბუციის... თარიღი | 2001. |
| 300 ## - ფიზიკური აღწერა | |
| Extent | 160 გვ.: |
| Other physical details | ილ.; |
| Dimensions | 21 სმ. |
| 504 ## - BIBLIOGRAPHY, ETC. NOTE | |
| Bibliography, etc | ბიბლიოგრ. 156-157 |
| 653 ## - INDEX TERM--UNCONTROLLED | |
| Uncontrolled term | აჭარა |
| 700 ## - ADDED ENTRY--PERSONAL NAME | |
| Personal name | ფალავანდიშვილი, შ. |
| Relator term | რედაქტორი |
| 9 (RLIN) | 24959 |
| 942 ## - ADDED ENTRY ELEMENTS (KOHA) | |
| Source of classification or shelving scheme | |
| Koha item type | წიგნი |
| ჩამოწერის სტატუსი | დაკარგული ეგზემპლარის სტატუსი | კლასიფიკაციის წყარო ან თაროზე გაწყობის სქემა | დაზიანების სტატუსი | არ გაიცემა | მუდმივი მდებარეობა (დაცვის ადგილი) | ამჟამინდელი ადგილსამყოფელი | თაროზე განთავსების ადგილი | შეძენის თარიღი | ღირებულება, შესყიდვის ნორმალური ფასი | სრული შენახვის შიფრი | შტრიხკოდი | ბოლო ოპერაციის თარიღი | ეგზემპლარის მიმდევრობითი ნომერი (კეტერი?) | ფასის ძალაში შესვლის თარიღი | ეგზემპლარის სახეობა | საჯარო შენიშვნა |
|---|---|---|---|---|---|---|---|---|---|---|---|---|---|---|---|---|
| ბათუმის შოთა რუსთაველის სახელმწიფო უნივერსიტეტის მთავარი ბიბლიოთეკა | ბათუმის შოთა რუსთაველის სახელმწიფო უნივერსიტეტის მთავარი ბიბლიოთეკა | წიგნსაცავი | 2025-04-28 | 10.00 | 33(479.223)+911.3+316 ფ-98 | 71273 | 2025-04-28 | 71273 | 2025-04-28 | წიგნი | 10 ლ. | |||||
| ბათუმის შოთა რუსთაველის სახელმწიფო უნივერსიტეტის მთავარი ბიბლიოთეკა | ბათუმის შოთა რუსთაველის სახელმწიფო უნივერსიტეტის მთავარი ბიბლიოთეკა | წიგნსაცავი | 2025-04-28 | 10.00 | 33(479.223)+911.3+316 ფ-98 | 71277 | 2025-04-28 | 71277 | 2025-04-28 | წიგნი | 10 ლ. | |||||
| ბათუმის შოთა რუსთაველის სახელმწიფო უნივერსიტეტის მთავარი ბიბლიოთეკა | ბათუმის შოთა რუსთაველის სახელმწიფო უნივერსიტეტის მთავარი ბიბლიოთეკა | წიგნსაცავი | 2025-04-28 | 10.00 | 33(479.223)+911.3+316 ფ-98 | 71276 | 2025-04-28 | 71276 | 2025-04-28 | წიგნი | 10 ლ. | |||||
| ბათუმის შოთა რუსთაველის სახელმწიფო უნივერსიტეტის მთავარი ბიბლიოთეკა | ბათუმის შოთა რუსთაველის სახელმწიფო უნივერსიტეტის მთავარი ბიბლიოთეკა | წიგნსაცავი | 2025-04-28 | 10.00 | 33(479.223)+911.3+316 ფ-98 | 71275 | 2025-04-28 | 71275 | 2025-04-28 | წიგნი | 10 ლ. | |||||
| ბათუმის შოთა რუსთაველის სახელმწიფო უნივერსიტეტის მთავარი ბიბლიოთეკა | ბათუმის შოთა რუსთაველის სახელმწიფო უნივერსიტეტის მთავარი ბიბლიოთეკა | წიგნსაცავი | 2025-04-28 | 10.00 | 33(479.223)+911.3+316 ფ-98 | 71274 | 2025-04-28 | 71274 | 2025-04-28 | წიგნი | 10 ლ. |
